000 00424nam a22001697a 4500
005 20160611095041.0
008 160611b xxu||||| |||| 00| 0 eng d
020 _a978-0-07-059975-8
041 _aeng
082 _b6776
100 _aLesikar, Raymond V. Fladely, Marie E.
_91678
245 _aBasic Business Communication
260 _aNew Delhi
_bTMH
_c2005
300 _a547
650 _aManagement
_9241
942 _cBK
999 _c2364
_d2363